Elektromobilita v Slovenskej republike vo vzťahu k postojom generácie „Z“ habilitačná práca

Gespeichert in:
Bibliographische Detailangaben
1. Verfasser: Rehák, Róbert, 1984-
Körperschaft: Obchodná fakulta EU. Katedra marketingu
Format: Buch
Sprache:Slowakisch
Veröffentlicht: Bratislava 2022
Tags: Tag hinzufügen
Keine Tags, Fügen Sie das erste Tag hinzu!

MARC

LEADER 00000nbm a2200000 4500
001 0287739
005 20230512140102.4
041 0 |a slo 
044 |a SK 
245 1 0 |a Elektromobilita v Slovenskej republike vo vzťahu k postojom generácie „Z“  |b habilitačná práca  |c Róbert Rehák ; školiteľ: Eva Hanuláková 
264 1 |a Bratislava  |c 2022 
300 |a 90 s. 
100 1 |a Rehák, Róbert, 1984- 
710 2 |a Obchodná fakulta EU. Katedra marketingu